000 00567nam a2200229 i 4500
001 C2-0226657
003 PPAK
005 20180728154332.0
008 000628s xx |||| ||||| | eng d
022 _a0126-6403
040 _aPPAK
_beng
_cPPAK
_erda
082 0 4 _a335.005
_223
090 0 0 _a335.005
_bASI
_dR
245 0 0 _aAsian Defence Journal
264 1 _cJuly - Dec 1997
300 _amultiple pages
336 _2rdacontent
_atext
337 _2rdamedia
_aunmediated
338 _2rdacarrier
_avolume
650 1 0 _aDefence - periodical
942 _ddc
_cB
999 _c146912
_d146912